00403 2200157 4500245005800000020002200058250001100080100001800091650002100109005001900130260003100149041001400180084001200194300003000206336000900236 aNarkoba Pembunuh Karakter BangsacA. KadarmantahText a978-979-25-4049-9 aCet. 1 aA. Kadarmanta aBahaya Narkotika a20230413123033 aDepokbPerdana Mediac2010 aIndonesia a362.293 axviii, 236 hlm. :c21 cm. atext